[Event "Ardennes-ch 0102"]
[Site "Ardennes"]
[Date "2001.??.??"]
[Round "?"]
[White "Sobaco, Elvis"]
[Black "Alcidi, Valentin"]
[Result "1/2-1/2"]
[WhiteElo "1790"]
[BlackElo "1499"]
[PlyCount "109"]
[EventDate "2001.??.??"]
[EventType "swiss"]
[EventRounds "9"]
[EventCountry "FRA"]
[SourceTitle "EXT 2008"]
[Source "ChessBase"]
[SourceDate "2007.11.25"]
[SourceVersion "1"]
[SourceVersionDate "2007.11.25"]
[SourceQuality "1"]

1. d4 Nf6 2. c4 e6 3. Nc3 Bb4 4. Qc2 b6 5. e4 Bxc3+ 6. bxc3 d6 7. Nf3 Nc6 8. Bd3 e5 9. 0-0 0-0 10. Ba3 Re8 11. c5 Na5 12. cxd6 cxd6 13. dxe5 dxe5 14. Bb5 Bd7 15. Rfd1 Qc8 16. Rab1 Bxb5 17. Rxb5 Nc4 18. Bd6 Nxd6 19. Rxd6 Qc7 20. Rd1 g6 21. Rb3 Rad8 22. Rdb1 b5 23. Rb4 Rd7 24. c4 Red8 25. Qe2 bxc4 26. Rxc4 Qxc4 27. Qxc4 Rd1+ 28. Rxd1 Rxd1+ 29. Qf1 Rxf1+ 30. Kxf1 Nd7 31. Ke2 f6 32. Nd2 Kf7 33. Kd3 Ke6 34. Kc4 Kd6 35. Nb3 Kc6 36. Kb4 Kb6 37. Kc4 Kc6 38. Na5+ Kb6 39. Kb4 Nc5 40. Nc4+ Kc6 41. Ka5 Nxe4 42. f3 Nc5 43. a4 g5 44. Ne3 h5 45. Nc2 g4 46. Nb4+ Kd6 47. Na6 Nxa6 48. Kxa6 Kc6 49. Kxa7 gxf3 50. gxf3 f5 51. a5 e4 52. fxe4 fxe4 53. a6 Kc7 54. Ka8 e3 55. a7 1/2-1/2